Language Quiz

Random Language or Letter Quiz
Score 0/10 Timer 02:00
5 Plays Today
Clue P-Word % Correct
Soft, musicallyp
100%
A river in northern ItalyPo
93.5%
A large fish-eating bird with a large bill and distensible pouchpelican
84.6%
To place periods, commas and semicolons into your writingpunctuate
79.5%
The 23rd Greek letter that is shaped like a pitchforkpsi
66.9%
A scientific quantity measured in psi, atmospheres, pascals or barspressure
66.9%
A viscous mucous secreted from the respiratory systemphlegm
65.6%
'Able was I ere I saw Elba,' 'Race car,' or 'No melons, no lemon', e.g.palindrome
64.7%
An open area usually surrounded by buildings, for meeting or shoppingplaza
62.4%
Sympathetic sorrow for someone sufferingpity
61.5%

You're not logged in!

Compare scores with friends on all Sporcle quizzes.
OR
Log In

Sporcle TV

Today on Sporcle TV


Watch our educational content, quiz creation guides, and fun videos on Sporcle TV.

Show Comments

Extras

Top Quizzes Today


Score Distribution

Paid Content

Your Account Isn't Verified!

In order to create a playlist on Sporcle, you need to verify the email address you used during registration. Go to your Sporcle Settings to finish the process.

Report this User

Report this user for behavior that violates our Community Guidelines.

Details: